Normal view
MARC view
Entry Personal Name
001 - CONTROL NUMBER
- control field: 13776
003 - CONTROL NUMBER IDENTIFIER
- control field: ARRUPE
005 - DATE AND TIME OF LATEST TRANSACTION
- control field: 20150113123119.0
008 - FIXED-LENGTH DATA ELEMENTS
- fixed length control field: 150113|| aca||aabn | a|a d
040 ## - CATALOGING SOURCE
- Original cataloging agency: ARRUPE
- Transcribing agency: ARRUPE
100 ## - HEADING--PERSONAL NAME
- Personal name: Francis 1
670 ## - SOURCE DATA FOUND
- Source citation: Work cat.: (ARRUPE)0: Pique, Elisabetta. 13775, Pope Francis :, 2014